000 00589nam a2200193Ia 4500
003 OSt
005 20251021155516.0
008 221004b |||||||| |||| 00| 0 eng d
037 _cTB
040 _aCRL
_cCRL
_beng
041 _2eng
_aeng
084 _aU8.2ME.N5 K3
_qCRL
100 _aHagen Toni ...et al
_9635084
245 0 _aMount Everest:
_b Formation, population and exploration of the Everest region
260 _c1963.
650 _aGEOGRAPHY
_9849038
942 _hU8.2ME.N5 K3
_cTB
_2cc
_n0
999 _c1050207
_d1050207